00816nam a2200241Ia 4500001000600000003000900006008004100015040001300056040001300069041001300082100001700095100002900112245004400141245005700185250001100242260001000253260001300263260004900276300005700325500014600382650001500528650003100543 5320IT-RoPAU130308s9999 xx 000 0 und d aIT-RoPAU cIT-RoPAU aFRANCESE aKende Pierre gCodice Aut. SPICS: 5107 aAvenement de la societè moderne (L') bEncyclopedie de la Sociologie-Le present En Question a1a ed. aPARIS bLarousse c1975 [1° Ed.:1975 - Ed.Ling.Originale:1975] a"19 p. (prefazione: no ; testo: 19 [pagine: 12-30])" aAvvento della Società moderna Grandi Sconvolgimenti Capitalismo e Modernità Meccanismi di Accelerazione Modernità fenomeno Occidentale? aSOCIOLOGIA eCodice materia Spics: 3651